Harry Potter commençant par L par images - Statistiques

Statistiques générales
  • Ce quiz a été pris 321 fois
  • Le résultat moyen est 13 sur 16
Statistiques - réponses
Par images Hint Réponse % Correct
Personnage Bellatrix {Lestrange}
98%
Personnage {Lily} Potter
97%
Créature {Loup}-{Garou}
97%
Personnage {Lucius} Malefoy
97%
Personnage {Luna} {Lovegood}
97%
Sort d'éclairage {Lumos}
96%
Personnage Neville {Londubat}
96%
Citation "Dobby est un elfe {libre}""
95%
Créature {Licorne}
95%
Lieu Pré-au-{lard}
95%
Personnage Remus {Lupin}
95%
Personnage Gilderoy {Lockhart}
83%
Personnage {Lavande} Brown
82%
Surnom de Remus {Lunard}
55%
Créature {Lutin} {de} {cornouailles}
48%
Lieu de naissance de Voldemort Cimetière de {Little} {Hangleton}
15%
Aucun quiz correspondant
Distribution des résultats
% des personnes avec chaque résultat
Percentile par nombre de réponses
Votre historique - résultats
Vous n’avez pas pris ce quiz